| 000 | 00754nam a2200229 u 4500 | ||
|---|---|---|---|
| 001 | 000020338 | ||
| 005 | 20200929170355.0 | ||
| 008 | 100813s1991 xx 000 0 eng d | ||
| 020 | _a067154294X | ||
| 040 |
_aDO-SdBNP _bspa _cBNPHU |
||
| 041 | 1 | 7 |
_aspa _heng |
| 082 |
_a973.927 _bC226p |
||
| 100 | 1 |
_aCannon, Lou. _942989 |
|
| 245 | 1 | 0 |
_aPresident Reagan : _bthe role of a lifetime / _cLou Cannon. |
| 260 |
_aNew York : _bSimon & Schuster, _c1991. |
||
| 300 |
_a948 p. : _bil. ; _c25 cm. |
||
| 500 | _aIncluye índice | ||
| 504 | _aBibliografía : p. 895-910 | ||
| 500 | _aIncluye referencias bibliográficas y notas al pie de las páginas | ||
| 561 | 4 |
_xPOLÍTICA Y GOBIERNO _y1981-19 |
|
| 600 | 1 | 0 |
_aReagan, Ronald. _d1911 - 2004 _942990 |
| 999 |
_c19842 _d19842 |
||